=LDR 00000nam 2200000 4500 =001 INLIS000000000037897 =005 20200929074654 =035 ##$$a 0010-061300000037897 =008 200929################g##########0#ind## =041 ##$$a Ind =082 ##$$a 305.06 =090 ##$$a 305.06, Sla m =100 1#$$a Slamet, Doni =245 1#$$a Manajemen pernikahan, /$c Doni Slamet =260 ##$$a Yogyakarta :$b Surya Media,$c 2011 =300 ##$$a xiii, 172 hlm, ; $c 14 x 20 cm =650 #4$$a Perkawinan-Manajemen =850 ##$$a NBPNMAT =020 ##$$a 978-979-1827-71-3 =084 ##$$a 305.06 SLA m =250 ##$$a cet. 1 =990 ##$$a 21106125 =990 ##$$a 21106123 =990 ##$$a 21106121 =990 ##$$a 21106122 =990 ##$$a 21106120 =990 ##$$a 21106124